Elements of Mathematics : (Record no. 2500)

MARC details
000 -LEADER
fixed length control field 00567nam a22002057a 4500
003 - CONTROL NUMBER IDENTIFIER
control field OSt
005 - DATE AND TIME OF LATEST TRANSACTION
control field 20231208085523.0
008 - FIXED-LENGTH DATA ELEMENTS--GENERAL INFORMATION
fixed length control field 151110b xxu||||| |||| 00| 0 eng d
020 ## - INTERNATIONAL STANDARD BOOK NUMBER
International Standard Book Number 3540423389
040 ## - CATALOGING SOURCE
Transcribing agency 040a
082 ## - DEWEY DECIMAL CLASSIFICATION NUMBER
Item number 515.73 BOU 2003
100 ## - MAIN ENTRY--PERSONAL NAME
Personal name Bourbaki, N.
9 (RLIN) 6077
245 ## - TITLE STATEMENT
Title Elements of Mathematics :
Remainder of title topological vector spaces
260 ## - PUBLICATION, DISTRIBUTION, ETC. (IMPRINT)
Place of publication, distribution, etc. Berlin
Name of publisher, distributor, etc. Springer
Date of publication, distribution, etc. 2003
300 ## - PHYSICAL DESCRIPTION
Extent vii, 364p;
Other physical details ill :
Dimensions 10cm
504 ## - BIBLIOGRAPHY, ETC. NOTE
Bibliography, etc includes bibliographic references and index
650 ## - SUBJECT ADDED ENTRY--TOPICAL TERM
Topical term or geographic name as entry element Mathematics
9 (RLIN) 810
650 ## - SUBJECT ADDED ENTRY--TOPICAL TERM
Topical term or geographic name as entry element Topology
9 (RLIN) 5415
942 ## - ADDED ENTRY ELEMENTS (KOHA)
Source of classification or shelving scheme Dewey Decimal Classification
Koha item type Short Loan
Holdings
Withdrawn status Lost status Source of classification or shelving scheme Damaged status Not for loan Home library Current library Date acquired Source of acquisition Inventory number Total Checkouts Full call number Barcode Date last seen Koha item type Price effective from
    Dewey Decimal Classification     MUST Main Library MUST Main Library 10/11/2015 Donation 04/22602   515.73 BOU 2003 2015-2535 10/11/2015 Short Loan  
    Dewey Decimal Classification     MUST Main Library MUST Main Library 02/03/2022 Purchase 05/24449   515.73 BOU 2003 2022-0370 02/03/2022 Open Shelf  
    Dewey Decimal Classification     MUST Main Library MUST Main Library 08/12/2023 Purchase 04/22601   515.73 BOU 2003 2023-0713 08/12/2023 Open Shelf 08/12/2023